| 000 | 03392nam a22003614i 4500 | ||
|---|---|---|---|
| 001 | 768714001 | ||
| 003 | CO-MdFUSB | ||
| 005 | 20210831152645.0 | ||
| 007 | cr aa aaaaa | ||
| 008 | 210831t2016 sp ||||| |||| 00| 0 spa d | ||
| 020 |
_a9788416845156 _qelectrónico |
||
| 040 |
_aCO-MdFUSB _bspa _cCO-MdFUSB _dCO-MdFUSBC _erda |
||
| 041 | _aspa | ||
| 082 | _a230.09 | ||
| 100 | 1 |
_aGonzález, Justo L., _d1937- _eautor |
|
| 245 |
_aHistoria abreviada del pensamiento cristiano _c/ Justo L. González _h[electrónico] |
||
| 264 | 1 |
_aEspaña : _bClie, _c[2016] |
|
| 264 | 4 | _c© 2016 | |
| 300 |
_a418 páginas _c; |
||
| 336 |
_2rdacontent _atexto _btxt |
||
| 337 |
_2rdamedia _ainformático _bc |
||
| 338 |
_2rdacarrier _aremoto _bcr |
||
| 490 | _aColección historia | ||
| 505 | _aPrimera parte. Desde los inicios hasta el concilio de Calcedonia. -- La cuna del cristianismo. -- Los padres apostólicos. -- Los apologistas griegos. -- Las primeras herejías: reto y respuesta. Los grandes teólogos de la iglesia antigua. -- La teología en el siglo III. -- La controversia arriana y el Concilio de Nicea. -- La teología en torno a Nicea. -- Las controversias cristológicas. --¿Apostólica o apóstata? Segunda parte. La teología medieval. -- El pensamiento de San Agustín. -- La teología occidental después de Agustín. -- -- La teología en Oriente hasta el Sexto Concilio Ecuménico. -- El renacimiento carolingio. -- El siglo XII: la luz en las tinieblas resplandece. -- La teología oriental desde el avance del islam. -- El siglo XIII. -- La teología occidental en las postrimerías de la Edad Media. -- El fin de una era. -- Tercera parte: Desde la Reforma hasta nuestros días. -- Un nuevo comienzo. -- La teología de Martín Lutero. -- Ulrico Zwinglio y los comienzos de la tradición reformada. -- El anabaptismo y la reforma radical. -- La teología reformada de Juan Calvino. -- La reforma inglesa. -- La reforma católica. -- La ortodoxia protestante y la reacción pietista. -- La teología protestante en el siglo XIX. -- La teología católica romana hasta la Primera Guerra Mundial. -- La teología oriental tras la caída de Constantinopla. -- La teología en el siglo XX y principios del XXI. -- Una palabra final. | ||
| 506 | _aSolicitar clave y usuario para acceder al libro electrónico. | ||
| 506 | _aLibro multiusuario. | ||
| 520 | _aTexto académico de gran valor pedagógico, que cubre por completo y cronológicamente la historia y desarrollo del pensamiento cristiano. Partiendo de la época apostólica; siguiendo con la Iglesia primitiva; el pensamiento de los llamados Padres, las controversias con las herejías, los Concilios, la Edad Media o edad oscura', la Reforma y sus ramificaciones; hasta llegar al siglo XX, con los teólogos europeos: Barth, Bultman, etc.; las corrientes teológicas en Estados Unidos; las nuevas direcciones de la teología católica; y las teologías del Tercer Mundo. Basta con ojear el índice para darse cuenta plenamente de la magnitud de esta obra. | ||
| 650 | 0 |
_9159 _aTeología doctrinal _xHistoria |
|
| 856 |
_d1681959 _uhttp://search.ebscohost.com/login.aspx?direct=true&scope=site&db=nlebk&db=nlabk&AN=1681959 _zAbrir Versión electrónica del libro Historia abreviada del pensamiento cristiano |
||
| 942 | _cBK | ||
| 945 | _aJTF-925 | ||
| 999 |
_c66868 _d66868 |
||